Pushpanjali: (Record no. 190428)

MARC details
000 -LEADER
fixed length control field 00557nam a22001817a 4500
005 - DATE AND TIME OF LATEST TRANSACTION
control field 20220725164706.0
010 ## - LCCN (DPL NO)
LC control number ENG-133933
020 ## - INTERNATIONAL STANDARD BOOK NUMBER
International Standard Book Number 9789390663156
Terms of availability 480.00
035 ## - SYSTEM CONTROL NUMBER
System control number EN-117465
037 ## - SOURCE OF ACQUISITION
Source of stock number/acquisition DBAD/PUB
082 ## - DEWEY DECIMAL CLASSIFICATION NUMBER
Classification number 881
100 ## - MAIN ENTRY--PERSONAL NAME
Personal name Khadun, Pramila
245 ## - TITLE STATEMENT
Title Pushpanjali:
Remainder of title A World Literature India Publication/
Statement of responsibility, etc Pramila Khadun
260 ## - PUBLICATION, DISTRIBUTION, ETC. (IMPRINT)
Place of publication, distribution, etc Gurugram
Name of publisher, distributor, etc Global Fraternity of Poets
Date of publication, distribution, etc 2021
270 ## - ADDRESS
Address H-23/16, DLF Phase-I
City Gurugram
Postal code 122002
Telephone number 0124-4054392
300 ## - PHYSICAL DESCRIPTION
Extent xv;199p.
Dimensions 21cm(pbk)
942 ## - ADDED ENTRY ELEMENTS (KOHA)
Source of classification or shelving scheme Dewey Decimal Classification
Item type English Books
Call number suffix KHA
Classification part 881
Holdings
Withdrawn status Lost status Not for loan Collection code Home library Current library Date acquired Source of acquisition Cost, normal purchase price Full call number Barcode Copy number Cost, replacement price Koha item type
      Non-fiction Bawana Bawana 25/07/2022 DBAD/PUB 480.00 881 KHA EN-117465 1 480.00 English Books

© Delhi Public Library
Hit Counter
free hit counter